| 000 | 00748nam a22002055i 4500 | ||
|---|---|---|---|
| 001 | 151972 | ||
| 003 | ES-MaACL | ||
| 005 | 20250730063134.0 | ||
| 008 | 020916s1872 fr |||| | fre d | ||
| 040 |
_aCCPB | B _bspa _cCCPB | B |
||
| 100 | 1 |
_aBernard, Claude, _d1813-1878 _928231 |
|
| 245 | 1 | 0 |
_aLeçons de pathologie expérimentale / _cpar Claude Bernard. |
| 260 |
_aParis [etc.] : _bLibrairie J.-B. Baillière et fils [etc.], _c1872 ( _fimprimerie de E. Martinet) |
||
| 300 |
_aX, [2], 604 p. ; _c20 cm. |
||
| 490 | 1 | _aCours de médecine du Collége de France | |
| 650 | 4 |
_aPatología. _915884 |
|
| 830 | 0 |
_aCours de médecine du Collége de France _9187688 |
|
| 852 |
_aES-MaACL _jB-577 _z-- Enc. hol. |
||
| 999 |
_c151972 _d151972 |
||